000 00387nam a22001577a 4500
020 _a-
082 _a297.122
100 _aIsrar, Ahmed Dr.
245 _aBeyan-ul-Quran (Vol-2) Urdu
250 _aVol-2
260 _aPeshawar
_bAnjuman Khudam-ul-Quran
_c2011
300 _a321 p.
_bill.;
500 _aInclude index
650 _a1. Handling and recitation of Holy Quraan
942 _cBK
999 _c12817
_d12817